000 00584nam a2200229Ia 4500
003 OSt
005 20221007071314.0
006 a|||||r|||| 00| 0
007 ta
008 221006b |||||||| |||| 00| 0 eng d
024 _a26,678
037 _cTextual
040 _aFLL
_cFLL
_beng
041 _2eng
_aeng
082 _aZ3:4y7, K8
100 _aFridman G.H.L.
245 0 _aModern tort cases
260 _aLondon
_bButterworth London
_c1968
300 _axxiv,1-424p
_ccm.
942 _hZ3:4y7, K8
_cTEXL
_2CC
999 _c1143002
_d1143002